000 02998nam a2200457 i 4500
001 193322
003 SpMaBN
005 20250712063138.0
007 ta
008 231102s2004 sp | ||| ||spa
016 7 _abimoBNE20040983549
_2SpMaBN
017 _aB 25829-2004
_bOficina Depósito Legal Barcelona
020 _a8425338883
035 _a(OCoLC)433139349
035 _abimo0001980654
040 _aSpMaBN
_bspa
_cSpMaBN
_erdc
_dES-MaACL
080 _a821.111-31"19"
100 1 _aHarris, Robert,
_d1957-
_0XX1169186
_9234469
_eaut
245 1 0 _aPompeya /
_cRobert Harris ; traducción de Fernando Garí Puig.
250 _aPrimera edición: septiembre, 2004
260 _a[Barcelona] :
_bGrijalbo,
_c2004
300 _a313 páginas ;
_c24 cm
336 _2rdacontent
_aTexto
337 _2rdamedia
_asin mediación
338 _2rdacarrier
_avolumen
490 1 _aNovela histórica
500 _aÍndice
520 _aUn relato histórico y de intriga ambientado durante la trágica erupción del Vesubio. Una sofocante semana a finales de agosto del año 79 d.C. ¿Qué mejor lugar para pasar los últimos días del verano que la bahía de Nápoles? A lo largo de toda la costa, los ciudadanos más ricos del imperio se relajan en sus lujosas villas, la flota más poderosa del mundo descansa pacíficamente fondeada en Miseno y los visitantes gastan su dinero en las localidades de Herculano y Pompeya. Solo un hombre parece preocupado. El ingeniero Marco Atilio Primo acaba de hacerse cargo del Aqua Augusta, el enorme acueducto que suministra agua potable al cuarto de millón de habitantes de las nueve ciudades de la bahía de Nápoles, y por primera vez desde hace generaciones, los manantiales se están secando. Su predecesor ha desaparecido y hay un problema en algún punto de los noventa kilómetros de la conducción rincipal, al norte de Pompeya. Justamente en las faldas del Vesubio. Atilio responsable, respetable, práctico, incorruptible asegura a Plinio, comandante de la flota imperial y famoso erudito, que puede reparar el acueducto antes de que los depósitos de reserva se queden sin agua. Pero mientras se encamina hacia el Vesubio, se dispone a descubrir que hay fuerzas que ni el imperio más grande del mundo puede controlar...
651 7 _9173248
_aPompeya (Ciudad desaparecida)-
_vNovelas
655 7 _aNovelas históricas
_2tgfbne
_9226782
700 1 _9137487
_aGarí Puig, Fernando
_etrl
830 _aGrijalbo novela histórica
_9230035
852 _aEs-MaACL
_9200768
_bR.154804
_cDEPOJ
_hDonación: José Lázaro García
_xEncuadernación cartoné con sobrecubiertas
_jN-9528
903 _9234219
_aLázaro García, José
_ednr
942 _n0
_cMONOGRAFIA
999 _c193322
_d193322